00752nam a2200229 a 4500001001300000003000900013005001700022008004100039020001000080082001700090100003000107245007100137260005500208300000900263500003500272650002000307700003000327902000800357942000700365952013300372999001700505nice12345678IN_TiNIC20260116013840.0070709s1994 newa grp 000 0 eng  ac80000a297.821bAMI aAmir-Moezzi, Mohammad Ali aDivine Guide in Early Shi`ismbThe Sources of Esotericism in Islam aNew YorkbState University of New York Pressc1994 a279p aincludes index and biblioraphy aShiah-Doctrines1 aAmir-Moezzi, Mohammad Ali bSRS cBK 001040708StackRoom-aHMIbHMId2007-07-09g800.00l5m3o297.821 AMIp018358r2019-08-29s2019-08-28v800.00w2007-07-09yBK c12800d12800